LEADER 00905cam0-2200301---450- 001 990005065330403321 005 20090914120618.0 035 $a000506533 035 $aFED01000506533 035 $a(Aleph)000506533FED01 035 $a000506533 100 $a19990604d1966----km-y0itay50------ba 101 0 $afre 102 $aFR 105 $ay-------001yy 200 1 $aDe la prononciation française$edepuis le commencement du 16. siècle$ed'après les témoignages des grammairiens$fpar Charles Thurot 210 $aGenève$cSlatkine$d1966 215 $a2 v.$d23 cm 610 0 $aLingua francese$aPronuncia 676 $a441.52 700 1$aThurot,$bCharles$0198425 801 0$aIT$bUNINA$gRICA$2UNIMARC 901 $aBK 912 $a990005065330403321 952 $a441.52 THU 1(1-2)$bFil.Mod. 13362$fFLFBC 959 $aFLFBC 996 $aDe la prononciation française$9532201 997 $aUNINA LEADER 00735nam0-22002771i-450- 001 990000158900403321 035 $a000015890 035 $aFED01000015890 035 $a(Aleph)000015890FED01 035 $a000015890 100 $a20011111d--------km-y0itay50------ba 101 0 $aita 105 $ay-------001yy 200 1 $aPompe da drenaggio e fognature$fLowara. 210 $aMontecchio Maggiore$cLowara$eITT industries$d2000 610 0 $aPompe 676 $a621.6 710 02$aLOWARA$0334071 801 0$aIT$bUNINA$gRICA$2UNIMARC 901 $aBK 912 $a990000158900403321 952 $a13 N 27 17$b12117$fFINBC 959 $aFINBC 996 $aPompe da drenaggio e fognature$9121665 997 $aUNINA DB $aING01